More balanced form of agriculture (Record no. 62280)

MARC details
000 -LEADER
fixed length control field 00608cam a2200169 4500
001 - CONTROL NUMBER
control field WB3603-27
008 - FIXED-LENGTH DATA ELEMENTS--GENERAL INFORMATION
fixed length control field 000000n2000 000 0 eng u
035 ## - SYSTEM CONTROL NUMBER
System control number (Sirsi) u103708
245 ## - TITLE STATEMENT
Title More balanced form of agriculture
260 ## - PUBLICATION, DISTRIBUTION, ETC.
Date of publication, distribution, etc. 2000
490 ## - SERIES STATEMENT
Series statement Farmers Guardian
Volume/sequential designation 14 January 2000, 7(1)
520 ## - SUMMARY, ETC.
Summary, etc. The Environment Minister, Michael Meacher, has said that the launch of Rural Development Regulation polices in the UK signalled the beginning of a major shift in agricultural policy in the UK.
590 ## - LOCAL NOTE (RLIN)
Local note WB
650 ## - SUBJECT ADDED ENTRY--TOPICAL TERM
Topical term or geographic name entry element RURAL DEVELOPMENT REGULATION
690 ## - LOCAL SUBJECT ADDED ENTRY--TOPICAL TERM (OCLC, RLIN)
Topical term or geographic name as entry element Rural
9 (RLIN) 6268
942 ## - ADDED ENTRY ELEMENTS (KOHA)
Suppress in OPAC 0
Holdings
Withdrawn status Lost status Source of classification or shelving scheme Damaged status Not for loan Home library Current library Shelving location Date acquired Total Checkouts Full call number Barcode Date last seen Copy number Price effective from Koha item type
    Dewey Decimal Classification     London London News article 20/01/2000   WB3603-27 103708-1001 06/08/2019 1 06/08/2019 News article